| 000 | 00645nam a22001577a 4500 | ||
|---|---|---|---|
| 003 | OSt | ||
| 005 | 20151006094626.0 | ||
| 008 | 151006b xxu||||| |||| 00| 0 eng d | ||
| 040 | _cRUA | ||
| 082 | _aAVM CHH 1996 B070 Or.1 | ||
| 100 |
_92111 _aCHHIN, SENG HO, |
||
| 245 | _aThe ingredient of combining feed for layers found in cambodia, វត្ថុធាតុដើមសំរាប់ផ្សំចំណីមាន់យកស៊ុតដែលរកបាននៅក្នុងព្រះរាជជាណាចក្រកម្ពុជា. | ||
| 260 |
_aphnom phen _bRUA _c1996 |
||
| 300 |
_a43p. _bill. _c29c. |
||
| 942 |
_2ddc _cAVM |
||
| 999 |
_c1986 _d1986 |
||